Trouve la capitale - Spécial Piège - Statistiques

Statistiques générales
  • Ce quiz a été pris 175 fois
  • Le résultat moyen est 10 sur 11
Statistiques - réponses
Question Réponse % Correct
Etats-Unis Washington D.C
100%
Maroc Rabat
97%
Turquie Ankara
96%
Brésil Brasilia
96%
Australie Canberra
96%
Canada Ottawa
94%
Suisse Berne
93%
Inde New Delhi
93%
Afrique Du Sud Pretoria
78%
Cote d'Ivoire Yamoussoukro
62%
Nigeria Abuja
55%
Aucun quiz correspondant
Distribution des résultats
% des personnes avec chaque résultat
Percentile par nombre de réponses
Votre historique - résultats
Vous n’avez pas pris ce quiz